Teoretické otázky československého socialistického trestného práva
Enregistré dans:
| Auteur principal: | |
|---|---|
| Format: | Livre |
| Langue: | slovaque |
| Publié: |
Bratislava
Veda
1982
|
| Tags: |
Pas de tags, Soyez le premier à ajouter un tag!
|
MARC
| LEADER | 00000nam a2200000 4500 | ||
|---|---|---|---|
| 001 | c128875 | ||
| 005 | 20041019155244.8 | ||
| 041 | 0 | |a slo | |
| 044 | |a SK | ||
| 245 | 1 | 0 | |a Teoretické otázky československého socialistického trestného práva |c Milan Číč |
| 264 | 1 | |a Bratislava |b Veda |c 1982 | |
| 300 | |a 261 s. | ||
| 100 | 1 | |a Číč, Milan | |